Villes françaises les plus peuplées commençant par A - Statistiques

Statistiques générales
  • Ce quiz a été pris 108 fois
    36 depuis la dernière actualisation
  • Le résultat moyen est 14 sur 20
Statistiques - réponses
Région Département Ville Population % Correct
Hauts-de-France Somme Amiens 133 780
100%
Corse Corse-du-Sud Ajaccio 75 343
93%
Pays de la Loire Maine-et-Loire Angers 157 555
93%
Auvergne-Rhône-Alpes Haute-Savoie Annecy 131 272
93%
Provence-Alpes-Côte d'Azur Vaucluse Avignon 91 760
90%
Provence-Alpes-Côte d'Azur Bouches-du-Rhône Aix-en-Provence 147 933
83%
Occitanie Tarn Albi 50 605
80%
Provence-Alpes-Côte d'Azur Bouches-du-Rhône Arles 51 156
77%
Provence-Alpes-Côte d'Azu Alpes-Maritimes Antibes 76 612
73%
Île-de-France Val-d'Oise Argenteuil 107 135
73%
Hauts-de-France Pas-de-Calais Arras 42 621
73%
Île-de-France Seine-Saint-Denis Aubervilliers 89 489
73%
Nouvelle-Aquitaine Charente Angoulême 41 423
67%
Occitanie Gard Alès 45 025
60%
Île-de-France Hauts-de-Seine Asnières-sur-Seine 91 457
60%
Provence-Alpes-Côte d'Azur Bouches-du-Rhône Aubagne 47 724
57%
Île-de-France Seine-Saint-Denis Aulnay-sous-Bois 86 360
53%
Île-de-France Hauts-de-Seine Antony 64 026
47%
Nouvelle-Aquitaine Pyrénées-Atlantiques Anglet 42 288
37%
Île-de-France Val-de-Marne Alfortville 45 569
23%
Aucun quiz correspondant
Distribution des résultats
% des personnes avec chaque résultat
Percentile par nombre de réponses
Votre historique - résultats
Vous n’avez pas pris ce quiz depuis la dernière actualisation